00541nam a2200145Ia 4500008004100000020001800041041000800059082002400067100004100091245002900132260004500161300000900206999001900215952016100234230411s9999 xx 000 0 und d a1-872748-58-9 aeng aP/618.92/DAV/B02554 aDavies A.E.M. & Billson A.L.9177471 aKey Topics in Padiatrics bBIOS Scientific PublishersaOxfordc1994 a335p c153734d153734 001040708PaBTINbBTINd2005-08-03eBritish Libraryg50.00i181l0oP 618.92 DAV B02554pBTIN-BK-2554r2023-04-11 00:00:00v50.00w2005-08-03yBKzB02554